De quelle région viennent ces fromages ? - Statistiques

Statistiques générales
  • Ce quiz a été pris 35 fois
  • Le résultat moyen est 18 sur 101
Statistiques - réponses
Hint Réponse % Correct
Deauville Normandie
73%
Maroilles Hauts-de-France
63%
Gris de Lille Hauts-de-France
60%
Niolo Corse
57%
Calisson Provence-Alpes-Côte-d'Azur
53%
Mâconnais Bourgogne-Franche-Comté
50%
Pont l'Évêque Normandie
50%
Salers Auvergne-Rhône-Alpes
47%
Autun Bourgogne-Franche-Comté
47%
Selles-sur-Cher Centre-Val-de-Loire
47%
Bleu du Vercors Auvergne-Rhône-Alpes
43%
Fourme d'Ambert Auvergne-Rhône-Alpes
43%
Reblochon Auvergne-Rhône-Alpes
43%
Saint-Nectaire Auvergne-Rhône-Alpes
40%
Galette de Baguer Bretagne
40%
Venaco Corse
40%
Impivaratu Corse
40%
Curé Nantais Pays-de-la-Loire
40%
Olivet Centre-Val-de-Loire
37%
Valençay Centre-Val-de-Loire
37%
Carré champenois Grand-Est
37%
Baguette Laonnaise Hauts-de-France
37%
Chartreuse Auvergne-Rhône-Alpes
33%
Murta Corse
33%
Bergues Hauts-de-France
33%
Capraltu Corse
30%
Vieux Boulogne Hauts-de-France
30%
Brie de Nangis Ile-de-France
30%
Rotolu Corse
27%
Ecume de Wimereux Hauts-de-France
27%
Carré de Bray Normandie
27%
Livarot Normandie
23%
Brie de Laqueuille Auvergne-Rhône-Alpes
20%
Barbeillon Centre-Val-de-Loire
20%
Aumonière de l'Ecaillon Hauts-de-France
20%
Bleu du Queyras Provence-Alpes-Côte-d'Azur
20%
Aiguille d'Orcières Provence-Alpes-Côte-d'Azur
20%
Pouligny-Saint-Pierre Centre-Val-de-Loire
17%
Goustal Occitanie
17%
Mazet Occitanie
17%
Claousou Occitanie
17%
Rocbaron Provence-Alpes-Côte-d'Azur
17%
Montbriac Auvergne-Rhône-Alpes
13%
Racotin Bourgogne-Franche-Comté
13%
Bouton de culotte Bourgogne-Franche-Comté
13%
Glazik Bretagne
13%
Frinault Centre-Val-de-Loire
13%
Port-salut Pays-de-la-Loire
13%
Salat Auvergne-Rhône-Alpes
10%
Saint-Florentin Bourgogne-Franche-Comté
10%
Tome de Rhuys Bretagne
10%
Fleur de Braslou Centre-Val-de-Loire
10%
Bargkass Grand-Est
10%
Rocroi Grand-Est
10%
Opaline Hauts-de-France
10%
Rabastinois Occitanie
10%
Poiset Bourgogne-Franche-Comté
7%
Carré Canale Corse
7%
Barisien Grand-Est
7%
Jouvenceau Ile-de-France
7%
Dormoy Ile-de-France
7%
Galet d'Albâtre Normandie
7%
Ardi-Gasna Nouvelle-Aquitaine
7%
Roumé Pays-de-la-Loire
7%
Arcueil Auvergne-Rhône-Alpes
3%
Satonnay Bourgogne-Franche-Comté
3%
Pierre-qui-vire Bourgogne-Franche-Comté
3%
Arthon Centre-Val-de-Loire
3%
Galet bleuté Centre-Val-de-Loire
3%
Vigneron Grand-Est
3%
Brouère Grand-Est
3%
Petit César Hauts-de-France
3%
Dauphin Hauts-de-France
3%
Saint-Jacques Ile-de-France
3%
Nanteau Ile-de-France
3%
Saint-Donatien Ile-de-France
3%
Barbot Normandie
3%
Leconet Nouvelle-Aquitaine
3%
Ruck Nouvelle-Aquitaine
3%
Cailladou Nouvelle-Aquitaine
3%
Pompon Nouvelle-Aquitaine
3%
Angors Nouvelle-Aquitaine
3%
Chardin Nouvelle-Aquitaine
3%
Thérondels Occitanie
3%
Noix de l'Isle Pays-de-la-Loire
3%
Entrammes Pays-de-la-Loire
3%
Annot Provence-Alpes-Côte-d'Azur
3%
Testard Provence-Alpes-Côte-d'Azur
3%
Perle noire Bretagne
0%
Sire de Crequy Hauts-de-France
0%
Rollot Hauts-de-France
0%
Bleu de Jersiaise Ile-de-France
0%
Graval Normandie
0%
Bethelin Normandie
0%
Bleu de Saint-Jean Normandie
0%
Saint-Chabret Nouvelle-Aquitaine
0%
Tricorne Nouvelle-Aquitaine
0%
Saint-Paterne Occitanie
0%
Rivêchon Occitanie
0%
Esbareich Occitanie
0%
Taillon Provence-Alpes-Côte-d'Azur
0%
Aucun quiz correspondant
Distribution des résultats
% des personnes avec chaque résultat
Percentile par nombre de réponses
Votre historique - résultats
Vous n’avez pas pris ce quiz